[Event "Magnus Carlsen Invitational 2020"]
[Site "magnuscarlsen.com"]
[Date "2020.04.23"]
[Round "3.1"]
[White "Vachier-Lagrave, Maxime"]
[Black "Ding, Liren"]
[Result "1/2-1/2"]
[WhiteElo "2860"]
[BlackElo "2836"]
[Annotator "TA"]
[PlyCount "91"]
[EventDate "2020.04.18"]
[EventType "tourn"]
[EventCountry "NOR"]
[SourceTitle "playchess.com"]
[Source "ChessBase"]
[SourceQuality "1"]

{[%evp 17,91,12,8,8,11,29,18,19,38,35,35,38,24,29,31,34,33,21,52,35,61,71,66,41,83,37,31,28,28,32,33,22,19,20,33,30,29,11,20,16,21,19,37,34,38,38,40,7,8,8,12,12,18,18,18,14,27,9,15,18,16,0,0,0,37,36,37,0,27,0,0,0,0,0,0,0]} 1. d4 Nf6 2. c4 e6 3. Nc3 Bb4 4. Qc2 d5 5. cxd5 exd5 6. Bf4 O-O 7. e3 c5 8. dxc5 Bxc5 9. Nf3 Nc6 10. Be2 {D37: Queen's Gambit Declined: 5 Bf4.} d4 11. Rd1 Qb6 {[#] ...Nb4 is the strong threat.} 12. exd4 Nxd4 13. Nxd4 Bxd4 14. O-O {Black must now prevent Na4.} Bd7 15. Qd2 Bxc3 16. Qxc3 {[#]} Rac8 $146 ({Predecessor:} 16... Rfc8 17. Qg3 Bb5 18. Rd6 Rc6 19. Rxc6 bxc6 20. Be5 Ne8 21. Re1 Bxe2 22. Rxe2 Rd8 {½-½ (44) Kokkila,T (2628)-Barlow,J (2517) Argentina 1997}) 17. Qa3 a5 18. Be3 Qb4 19. Qxb4 axb4 20. Rd2 Bg4 21. Bd3 Be6 22. Bb1 b3 23. axb3 Bxb3 24. h3 Nd5 25. Bd4 Rfe8 26. Kh2 Nf4 27. g3 Ng6 28. f4 h5 29. Bc3 Ne7 30. Be4 Nc6 31. Bf3 b5 32. Rdf2 b4 33. Bxc6 Rxc6 34. Bxb4 Rc2 35. Rxc2 Bxc2 $11 {[%mdl 4096] Endgame KRB-KRB} 36. g4 Bd3 37. Rd1 Be2 38. Rg1 Re4 39. Bd6 hxg4 40. hxg4 g5 41. fxg5 Bxg4 42. b4 Bd7 43. Rg3 Kg7 {The position is equal.} 44. Kg2 f6 45. gxf6+ Kxf6 46. Rc3 {Accuracy: White = 82%, Black = 85%.} 1/2-1/2

[Event "Magnus Carlsen Invitational 2020"]
[Site "magnuscarlsen.com"]
[Date "2020.04.22"]
[Round "3.1"]
[White "Caruana, Fabiano"]
[Black "Carlsen, Magnus"]
[Result "0-1"]
[WhiteElo "2773"]
[BlackElo "2881"]
[Annotator "TA"]
[PlyCount "64"]
[EventDate "2020.04.18"]
[EventType "tourn"]
[EventCountry "NOR"]
[SourceTitle "playchess.com"]
[Source "ChessBase"]
[SourceQuality "1"]

{[%evp 12,64,39,40,43,21,39,0,39,5,16,0,0,0,-7,0,0,-32,-58,-65,-59,-68,-57,-65,-87,-44,0,0,0,-55,-10,-27,-35,-40,-67,-30,44,32,43,0,32,-5,0,-54,-47,-68,-71,-93,-17,-354,-375,-29971,-29973,-29973,-29974]} 1. e4 Nf6 2. e5 Nd5 3. d4 d6 4. c4 Nb6 5. f4 g6 6. Nc3 {[%cal Bb1c3,Bc3e4,Be4c5][%mdl 32]} Bg7 7. Be3 Be6 {now supersedes 7...0-0. B03: Alekhine's Defence: Four Pawns Attack.} 8. Nf3 O-O 9. b3 dxe5 $5 {[%mdl 4] The position is equal. An interesting side line.} (9... c5 $5) 10. dxe5 Nc6 {[#]} 11. Ne4 $146 ({Predecessor:} 11. Qxd8 Raxd8 12. c5 Nd5 13. Nxd5 Bxd5 14. O-O-O Nb4 15. Rd2 Bxf3 16. gxf3 Nd5 17. Rxd5 Rxd5 {0-1 (39) Shurakov,D (2259)-Derbenev,A (2338) Kirov 2014}) 11... f6 12. Nc5 Qc8 {[%cal Rf6e5]} 13. exf6 Bxf6 14. Be2 Rd8 15. Qc1 Bf5 16. O-O Nd7 17. Nd3 Bxa1 18. Qxa1 Nf6 19. Nde5 Nxe5 20. Nxe5 ({White should try} 20. fxe5 $11 Ne4 21. Qc1) 20... Qe6 (20... Bg4 $5 {[%cal Rg4e2]} 21. Nxg4 Nxg4 $15) 21. Bd4 Nd7 22. h3 Nxe5 23. Bxe5 c6 ({Black should play} 23... Qb6+ $11 24. Kh1 Qc5) 24. Qc3 $14 {[%mdl 1024] [#] Hoping for g4. White has compensation.} h5 $1 25. Re1 Kf7 26. Qg3 Rd2 27. Bf3 (27. c5 $1 $11) 27... Rd3 $15 28. Qg5 Rad8 29. Kf2 Rd2+ (29... Ke8 $17 30. Kg1 a5) 30. Kg3 $2 {[%mdl 8192]} (30. Kg1 $11) 30... R8d3 $19 ({Inferior is} 30... Rxa2 31. Bc3 $11) 31. Qh6 $2 {[#]} (31. Kh4 $19) 31... Bxh3 $1 {[%mdl 512]} 32. Kh4 (32. gxh3 Rxf3+) 32... Rxg2 {Accuracy: White = 57%, Black = 75%.} 0-1

[Event "Magnus Carlsen Invitational 2020"]
[Site "magnuscarlsen.com"]
[Date "2020.04.23"]
[Round "3.1"]
[White "Giri, Anish"]
[Black "Nepomniachtchi, Ian"]
[Result "1/2-1/2"]
[WhiteElo "2731"]
[BlackElo "2778"]
[Annotator "TA"]
[PlyCount "58"]
[EventDate "2020.04.18"]
[EventType "tourn"]
[EventCountry "NOR"]
[SourceTitle "playchess.com"]
[Source "ChessBase"]
[SourceQuality "1"]

{[%evp 19,58,12,49,10,8,0,18,0,0,0,0,0,6,9,9,14,47,8,7,6,0,0,22,0,0,0,0,0,0,0,0,0,0,0,0,0,0,0,0,0,0]} 1. d4 Nf6 2. c4 g6 3. Nc3 d5 4. cxd5 Nxd5 5. e4 Nxc3 6. bxc3 Bg7 7. Bc4 c5 8. Ne2 O-O 9. O-O Nc6 10. Be3 b6 {Nowadays more popular than 10...Qc7.} 11. Rc1 {D87: Exchange Grünfeld: Classical Line: Variations without ...cxd4.} Bb7 12. Bb5 Rc8 13. Qd2 e6 14. Rfd1 cxd4 15. cxd4 Qd6 {[#]} 16. h4 $146 ({Predecessor:} 16. Bf4 e5 17. d5 Na5 18. Be3 Rxc1 19. Rxc1 Rc8 20. h3 Bf8 21. Rxc8 Bxc8 22. Qc3 {½-½ (41) Harikrishna,P (2731)-Ding,L (2801) Kolkata 2019}) 16... Qb4 17. Qd3 Rfd8 18. a3 (18. Bg5 $5 {[%cal Rb5c6]} Nxd4 19. Bxd8 Rxd8 20. Ba6 $11) 18... Qe7 {The position is equal.} 19. Bg5 Bf6 20. Qe3 h6 (20... Bxg5 {keeps more tension.} 21. hxg5 Na5 22. a4 Rxc1 23. Rxc1 Qd6) 21. Bxh6 {[#] Black must now prevent e5.} Nxd4 $1 22. Rxc8 Nxe2+ 23. Bxe2 Bxc8 24. h5 Rxd1+ 25. Bxd1 Qd8 26. Bc2 Qc7 27. Bd1 Qd8 28. Bc2 Qc7 29. Bd1 Qd8 {Not much happened in this game. Accuracy: White = 87%, Black = 93%.} 1/2-1/2

[Event "Magnus Carlsen Invitational 2020"]
[Site "magnuscarlsen.com"]
[Date "2020.04.22"]
[Round "3.1"]
[White "Firouzja, Alireza"]
[Black "Nakamura, Hikaru"]
[Result "1/2-1/2"]
[WhiteElo "2703"]
[BlackElo "2829"]
[Annotator "TA"]
[PlyCount "90"]
[EventDate "2020.04.18"]
[EventType "tourn"]
[EventCountry "NOR"]
[SourceTitle "playchess.com"]
[Source "ChessBase"]
[SourceQuality "1"]

{[%evp 14,90,28,12,4,5,5,4,20,21,21,23,21,18,20,21,22,18,20,14,28,26,31,43,46,46,46,46,43,43,43,51,50,50,50,50,93,24,15,27,24,31,29,53,56,0,0,-8,0,0,0,0,0,0,8,11,12,12,27,22,22,32,29,0,13,0,0,0,0,0,0,0,21,0,25,34,70,109,201]} 1. d4 Nf6 2. c4 e6 3. Nf3 d5 4. Nc3 Be7 5. Bf4 O-O 6. e3 Nbd7 7. c5 c6 8. h3 b6 {D37: Queen's Gambit Declined: 5 Bf4.} 9. b4 a5 10. a3 $1 h6 {The position is equal.} 11. Bd3 Ba6 {[#] ...Bxd3 is the strong threat.} 12. O-O Qc8 13. Na4 $5 {[%mdl 4] Leaves trodden paths.} Bxd3 14. Qxd3 b5 15. Nc3 {[#]} Qb7 $146 ({Predecessor:} 15... Re8 16. Qc2 Bd8 17. Rfb1 a4 18. Rf1 Bc7 19. Ne5 Nxe5 20. Bxe5 Qd8 21. Qd3 Nd7 22. f4 Bxe5 23. dxe5 f6 24. exf6 Nxf6 25. Qd4 Qe7 26. e4 {½-½ (26) Isigkeit,H (2375)-Halliwell,T (2337) ICCF email 2016}) 16. Nd2 Bd8 17. Nb3 a4 18. Nd2 Bc7 19. Bxc7 Qxc7 20. f4 Kh8 21. Rae1 Rad8 22. g4 Ng8 23. Nf3 Ne7 24. Re2 f6 25. e4 (25. Nh4 $16) 25... Ng6 $1 $11 {[%cal Rg6f4]} (25... Qxf4 $2 26. exd5 Nxd5 27. Nh4 $16) 26. exd5 $1 Nxf4 {[%mdl 64] [#] Double Attack} 27. d6 Qxd6 (27... Nxd3 $2 {perishes.} 28. dxc7 Rc8 29. Rxe6 $18) ({But not} 27... Nxe2+ $6 28. Qxe2 Qb8 29. Nh4 $16 (29. Qxe6 Rfe8 $16)) 28. cxd6 Nxd3 29. Nh4 ({White should try} 29. Rxe6 $14 Nf4 30. Re7) 29... Rfe8 30. Rd2 g5 31. Ng2 Nf4 $1 32. Nxf4 gxf4 33. Rxf4 e5 34. dxe5 Rxe5 35. Ne4 Kg7 36. Ng3 c5 37. Nf5+ Kh7 38. bxc5 Rxc5 39. Kg2 Ne5 40. Rfd4 Rc3 41. Rd5 Rxa3 42. Rxb5 Rd7 43. Rc2 {aiming for Rc7.} Rb3 44. Ra5 a3 45. Rc7 Rb2+ {Accuracy: White = 92%, Black = 90%.} (45... Rb7 $16) 1/2-1/2

[Event "Magnus Carlsen Invitational 2020"]
[Site "magnuscarlsen.com"]
[Date "2020.04.22"]
[Round "3.2"]
[White "Carlsen, Magnus"]
[Black "Caruana, Fabiano"]
[Result "1-0"]
[WhiteElo "2881"]
[BlackElo "2773"]
[Annotator "TA"]
[PlyCount "79"]
[EventDate "2020.04.18"]
[EventType "tourn"]
[EventCountry "NOR"]
[SourceTitle "playchess.com"]
[Source "ChessBase"]
[SourceQuality "1"]

{[%evp 20,79,0,-16,0,0,0,0,0,0,27,31,45,45,62,65,76,75,85,60,74,72,77,66,83,79,148,107,113,100,98,95,95,95,95,95,113,95,113,111,114,104,185,126,222,202,361,351,510,384,1368,1327,1349,1219,12829,12831,12831,12831,12831,12831,12833,12835]} 1. d4 Nf6 2. c4 e6 3. Nf3 d5 4. Nc3 dxc4 5. e3 a6 6. a4 c5 7. Bxc4 Nc6 8. O-O cxd4 9. exd4 Be7 10. Be3 O-O 11. Ne5 Bd7 {[#] D27: Queen's Gambit Accepted: Classical main line: 7 e4!? and 7 a4.} (11... Qc7 {is more complex.} 12. f4 Rd8 13. Rf2 Bc5 14. Rd2 Bb6) 12. Nxd7 $146 ({Predecessor:} 12. Qe2 Nb4 13. Rfd1 Bc6 14. Nxc6 bxc6 15. Rac1 a5 16. Bf4 Qb6 17. Be5 Rfd8 18. Ne4 Nxe4 19. Qxe4 {½-½ (102) Dunn,A (2190)-Meenakshi,S (2293) Gibraltar 2007}) 12... Qxd7 13. d5 exd5 {The position is equal.} 14. Nxd5 Nxd5 (14... Rad8 {keeps more tension.} 15. Nxf6+ Bxf6 16. Bb6 Qxd1 17. Raxd1 Rxd1 18. Rxd1 Bxb2 19. g3 Bc3) 15. Qxd5 Qxd5 16. Bxd5 Bf6 17. Rfd1 Rfd8 18. Kf1 Rd7 19. Bf3 Rad8 20. Rxd7 Rxd7 21. Rc1 Rd6 22. b4 g5 (22... g6 $142) 23. Rc5 Nxb4 24. Rc8+ Rd8 25. Rxd8+ Bxd8 26. Bxb7 $16 {[%mdl 4096] Endgame KBB-KBN} Kg7 27. Ke2 a5 28. Kd2 f5 29. Kc3 Kf6 30. Kc4 Bc7 {[#]} (30... Nc2 $16) 31. h3 (31. Kb5 $1 $18) 31... g4 (31... Nc2 $16) 32. Kb5 Ke5 $2 (32... gxh3 33. gxh3 Ke5) 33. hxg4 $18 fxg4 (33... Nc2 {might work better.} 34. f4+ Kf6) 34. Bb6 Kd6 $2 {[#]} (34... Bxb6 35. Kxb6 Kd6 36. Kxa5 Kc5) 35. Bxc7+ {White is clearly winning.} Kxc7 36. Be4 h5 37. Kxa5 Na2 38. g3 Nc3 39. Bc2 Ne2 40. Bg6 {Accuracy: White = 88%, Black = 48%.} 1-0

[Event "Magnus Carlsen Invitational 2020"]
[Site "magnuscarlsen.com"]
[Date "2020.04.23"]
[Round "3.2"]
[White "Ding, Liren"]
[Black "Vachier-Lagrave, Maxime"]
[Result "1/2-1/2"]
[WhiteElo "2836"]
[BlackElo "2860"]
[Annotator "TA"]
[PlyCount "125"]
[EventDate "2020.04.18"]
[EventType "tourn"]
[EventCountry "NOR"]
[SourceTitle "playchess.com"]
[Source "ChessBase"]
[SourceQuality "1"]

{[%evp 15,125,25,12,8,19,20,37,33,43,0,4,0,58,0,27,27,35,33,28,25,29,22,28,22,34,37,50,22,30,16,38,28,22,0,0,0,0,0,0,0,0,-20,-14,-14,-22,-22,-21,-27,-18,-18,-18,-16,-23,-15,-21,-36,-36,-36,-19,-20,-6,-36,0,0,0,0,0,0,0,0,0,0,0,0,0,0,0,0,23,22,70,83,100,0,0,0,0,0,0,0,963,0,0,0,0,0,0,0,0,0,0,0,0,0,0,0,0,0,0,0,0,0]} 1. d4 d5 2. c4 c6 3. Nf3 Nf6 4. e3 Bf5 5. Nc3 e6 6. Nh4 Be4 7. f3 Bg6 8. Qb3 Qc7 9. Bd2 {D12: Slav Defence: 3 Nf3 Nf6 4 e3 Bf5.} Be7 10. g3 dxc4 11. Bxc4 {White is slightly better.} a6 12. e4 b5 $1 {[%cal Rb5c4]} 13. Be2 ({But not} 13. Nxg6 $2 bxc4 14. Qxc4 hxg6 $19) 13... Nbd7 ({Black should play} 13... c5 $11) 14. O-O (14. e5 $14) 14... O-O {[#]} 15. e5 $146 ({Predecessor:} 15. Be3 c5 16. Rac1 Qa7 17. d5 c4 18. Bxa7 cxb3 19. Bd4 e5 20. Be3 bxa2 21. Nxa2 {1-0 (36) Cramling,D (2404)-Hjelm,N (2336) Lund 2010}) 15... Nd5 16. Nxd5 cxd5 17. Nxg6 hxg6 18. Qd3 Rac8 19. Rfc1 Qb6 {aiming for ...Nxe5.} 20. Kg2 Rc4 21. Be3 (21. Qe3 $5 {[%cal Re2c4]}) 21... Rfc8 22. f4 Qa5 23. a3 (23. Rcb1 {is interesting.} Rc2 24. Kh3 Nb6 25. Bd1 R2c6 26. Bd2) 23... Rxc1 24. Rxc1 Rxc1 25. Bxc1 Qc7 26. Qd2 Qc6 27. Bd3 (27. Kf2 {keeps more tension.} Nb6 28. b3 a5 29. Bd3 a4 30. Qc2) 27... Bd8 28. Qc2 (28. Qd1 {looks sharper.} Nb6 29. Kf2 Nc4 30. b3 Na5 31. Bd2) 28... Qxc2+ 29. Bxc2 $11 {[%mdl 4096] Endgame KBB-KBN} Bb6 30. Be3 Nb8 31. a4 Nc6 32. axb5 axb5 33. Bd3 b4 34. Bb5 Nxd4 35. Bd3 Bc5 36. h4 Nb3 37. Kf3 Kf8 38. Bc2 Bxe3 39. Kxe3 $15 {KB-KN} Nc5 40. Kd4 b3 41. Bd1 $1 Ne4 42. g4 Nf2 43. Bf3 {Black must now prevent Ke3.} Nh3 $1 44. Ke3 d4+ $1 45. Kxd4 {Threatens to win with Ke3.} Nxf4 46. Ke3 g5 47. hxg5 Nh3 $1 48. g6 $1 fxg6 {[#]} 49. Bd1 (49. Bg2 $1 $16 {[%cal Rg2h3]} Ng5 50. Kf4) 49... Ke7 50. Bxb3 Ng5 51. Bc2 Nf7 52. Kd4 Nh6 $2 {[%mdl 8192] [#]} (52... g5 $11) 53. Bd1 $2 (53. g5 $1 $18 {[%cal Rg5h6]} Nf5+ 54. Kc5) 53... Kd7 $11 {The position is equal.} 54. Bf3 g5 55. b4 Kc7 56. Bd1 Kb6 57. Be2 Kc6 58. Bc4 Nxg4 59. Bxe6 Nxe5 60. Kxe5 Kb5 61. Kf5 Kxb4 62. Kxg5 g6 63. Kxg6 {Accuracy: White = 86%, Black = 92%.} 1/2-1/2

[Event "Magnus Carlsen Invitational 2020"]
[Site "magnuscarlsen.com"]
[Date "2020.04.22"]
[Round "3.2"]
[White "Nakamura, Hikaru"]
[Black "Firouzja, Alireza"]
[Result "1-0"]
[WhiteElo "2829"]
[BlackElo "2703"]
[Annotator "TA"]
[PlyCount "75"]
[EventDate "2020.04.18"]
[EventType "tourn"]
[EventCountry "NOR"]
[SourceTitle "playchess.com"]
[Source "ChessBase"]
[SourceQuality "1"]

{[%evp 13,75,0,0,0,6,0,5,0,0,0,4,-40,0,0,0,0,7,0,9,-19,-18,-29,12,0,0,-16,0,0,0,0,0,0,0,0,4,8,6,3,27,0,0,0,0,0,-1,0,0,-13,0,0,5,5,5,8,12,35,29,17,42,15,811,837,12840,1109]} 1. Nf3 d5 2. g3 Nf6 3. Bg2 e6 4. d4 Be7 5. c4 O-O 6. Qc2 c5 7. O-O cxd4 8. Nxd4 {E06: Closed Catalan: Early deviations.} e5 9. Nf5 d4 10. Nxe7+ {The position is equal.} Qxe7 11. b3 {Black should prevent Ba3.} Nc6 {[#]} 12. a3 $146 ({Predecessor:} 12. Ba3 Nb4 13. Bxb4 Qxb4 14. Nd2 Qe7 15. Ne4 Ne8 16. Rae1 f5 17. Nd2 Nf6 18. e3 dxe3 19. Rxe3 {0-1 (31) Miroshnichenko,E (2617)-Anand,V (2781) Germany 2004}) 12... e4 13. Bg5 Bf5 14. Nd2 Rfe8 15. Bxf6 gxf6 16. e3 Bg6 17. b4 d3 18. Qc3 f5 19. c5 Ne5 20. f3 exf3 21. Bxf3 Nxf3+ {[%mdl 64] [#] Discovered Attack} 22. Rxf3 Bh5 23. Rf2 Qe5 24. Qxe5 Rxe5 25. Nc4 Re4 26. Nd6 Rxe3 27. Nxf5 Re5 28. g4 Bg6 29. Rd1 h5 30. h3 hxg4 31. hxg4 Re4 32. Rxd3 Rxg4+ 33. Kf1 {Black must now prevent Rd7.} Kf8 34. Rd7 {[#] Nd6 is the strong threat.} a5 $1 35. Nh6 (35. Rxb7 axb4 36. axb4 Bh5 $14) 35... Rg3 $1 {Strongly threatening ...axb4.} 36. Nxf7 {And now Nd6+ would win.} (36. b5 $5 {[%cal Rh6f7]} Rc8 37. c6 (37. Nxf7 Rxc5 38. Nd6+ Kg8 $11) 37... bxc6 38. Nxf7 $14) 36... Ke8 $2 {[%mdl 8192]} (36... axb4 $11 37. Ne5+ Kg8) 37. Rxb7 $18 {Threatening mate with Nd6+.} Bxf7 38. Rbxf7 {Accuracy: White = 79%, Black = 77%.} (38. Rfxf7 $142 axb4 39. c6) 1-0

[Event "Magnus Carlsen Invitational 2020"]
[Site "magnuscarlsen.com"]
[Date "2020.04.23"]
[Round "3.2"]
[White "Nepomniachtchi, Ian"]
[Black "Giri, Anish"]
[Result "1-0"]
[WhiteElo "2778"]
[BlackElo "2731"]
[Annotator "TA"]
[PlyCount "153"]
[EventDate "2020.04.18"]
[EventType "tourn"]
[EventCountry "NOR"]
[SourceTitle "playchess.com"]
[Source "ChessBase"]
[SourceQuality "1"]

{[%evp 10,153,4,0,9,-13,-7,0,0,0,0,0,0,8,7,0,4,6,23,23,0,-9,-7,0,0,-7,0,0,0,-21,0,0,1,2,9,10,5,7,7,0,32,21,21,21,21,21,21,21,63,58,50,39,54,21,63,63,63,63,63,56,130,140,130,141,182,63,59,50,63,63,72,71,129,64,64,64,74,25,25,0,0,0,0,0,0,0,0,0,1,0,8,8,8,8,8,0,0,0,0,0,19,0,0,0,0,0,8,8,8,8,545,449,584,354,5085,2315,29972,29974,29974,29975,29975,29976,29975,29977,29977,29978,29977,29979,29979,29980,29980,29966,29966,29969,29972,29973,29972,29974,29976,29974,29981,29971,29983,29984,29986,29987]} 1. c4 e5 2. Nc3 Nf6 3. Nf3 Nc6 4. g3 d5 5. cxd5 Nxd5 6. Bg2 Bc5 {[#] A29: English Opening: Four Knights Variation with 4 g3.} 7. Qc2 $146 ({Predecessor:} 7. O-O O-O 8. d3 h6 9. Bd2 Nf6 10. Rc1 Re8 11. Nh4 Nd4 12. e3 Nf5 13. Nxf5 Bxf5 14. Bxb7 Rb8 15. Be4 Bxe4 16. Nxe4 Nxe4 17. dxe4 Rxb2 {½-½ (25) Aronian,L (2772)-Giri,A (2776) Kolkata 2019}) 7... Ndb4 8. Qa4 {Hoping for a3.} Bd7 {Threatens to win with ...Nd4.The position is equal.} 9. Qd1 Nd4 {aiming for ...Ndc2+.} 10. O-O Nxf3+ 11. Bxf3 Nc6 12. d3 O-O 13. Be3 Nd4 14. Bxb7 {Ne4 is the strong threat.} Rb8 15. Bg2 Rxb2 16. Rb1 Qb8 17. Bxd4 Bxd4 18. Nd5 Bg4 19. Ne7+ Kh8 20. Nc6 Qb6 21. Nxd4 exd4 22. Bf3 Bh3 23. Rxb2 Qxb2 24. Qc1 Rb8 25. Qxc7 Bxf1 26. Kxf1 $14 {[%mdl 4096] Endgame KQR-KQB} f6 27. Qxa7 Qb6 28. Qf7 Qc5 29. Kg2 Rf8 30. Qd7 Qa3 31. Qe6 f5 32. h4 h6 33. Qc4 Kh7 34. h5 Rf6 (34... Rd8 $14) 35. Bd5 $1 $16 Qc3 36. Qb5 $1 {[%cal Rb5e8] White threatens Qe8 and mate.} Qc8 37. Bf3 (37. Bb7 $18 Qb8 38. a4) 37... Qa6 $14 38. Qb3 Qa5 39. a4 Ra6 40. Qf7 Rd6 ({Black should play} 40... Rf6 41. Qd7 Qc5) 41. Qe7 (41. g4 $16) 41... Rd8 42. Bc6 Kh8 43. Kh2 Rc8 44. Qe6 Qa6 $1 {[%cal Ra6c6]} 45. Bd7 Qxe6 46. Bxe6 $11 {KR-KB} Re8 47. Bxf5 Rxe2 48. Kg2 Ra2 49. Bd7 g6 50. hxg6 Kg7 51. Be8 Ra3 52. Bb5 {Strongly threatening Kf3.} Kxg6 53. f4 Ra1 54. Kf3 Kf6 55. g4 Ke6 56. Ke4 Rg1 57. Ba6 Ra1 58. Bc4+ Kf6 59. Bb5 Rg1 $2 {[%mdl 8192] Loses the game.} (59... Ke6 $1 $11 {and Black has nothing to worry.}) 60. a5 $18 Rxg4 61. a6 Rg7 $2 {[#]} (61... Rg1 62. Kxd4 Rc1) 62. Bc6 $1 {[%cal Rc6b7]} Ra7 63. Bb7 {White mates.} h5 64. Kxd4 h4 {[#]} 65. Kc5 $1 {[%cal Rc5b6]} h3 66. Kb6 Rxb7+ 67. axb7 {KP-KP} (67. Kxb7 $2 {is the wrong capture.} h2 68. Kc7 h1=Q 69. a7 Qa8 70. Kb6 Qd8+ 71. Kc5 Qa5+ 72. Kc6 Qxa7 73. Kd5 Kf5 74. Kc4 Kxf4 75. Kd5 Qd7+ 76. Kc5 Qxd3 77. Kb6 Qd5 78. Kc7 Ke5 79. Kb8 Kd6 80. Ka7 Kc6 81. Kb8 Qb3+ 82. Kc8 Qg8#) 67... h2 68. b8=Q h1=Q {KQ-KQ} 69. Qe5+ Kf7 70. Qe4 Qh6+ 71. Kc7 Qg7 72. Qe5 Qg3 73. d4 Qb3 74. f5 Qc4+ 75. Qc5 Qa4 76. Qd5+ Kf6 77. Qc6+ {Accuracy: White = 90%, Black = 76%.} 1-0

[Event "Magnus Carlsen Invitational 2020"]
[Site "magnuscarlsen.com"]
[Date "2020.04.23"]
[Round "3.3"]
[White "Vachier-Lagrave, Maxime"]
[Black "Ding, Liren"]
[Result "1/2-1/2"]
[WhiteElo "2860"]
[BlackElo "2836"]
[Annotator "TA"]
[PlyCount "116"]
[EventDate "2020.04.18"]
[EventType "tourn"]
[EventCountry "NOR"]
[SourceTitle "playchess.com"]
[Source "ChessBase"]
[SourceQuality "1"]

{[%evp 9,116,19,15,15,16,9,11,10,10,10,10,13,6,6,6,6,6,7,26,-3,0,0,14,16,28,17,10,20,27,0,0,0,0,0,0,0,0,0,10,0,14,14,14,11,11,9,13,10,10,0,0,0,0,0,0,0,0,0,0,0,15,14,45,0,1,5,8,9,8,13,14,14,45,0,6,0,0,0,5,0,0,0,0,0,0,0,0,0,0,0,0,0,0,0,0,0,0,0,0,0,0,0,0,0,0,0,0,0,0]} 1. d4 Nf6 2. c4 e6 3. Nc3 Bb4 4. Qc2 d5 5. cxd5 exd5 6. Bf4 {E35: Nimzo-Indian: Classical: 4...d5 5 cxd5 exd5.} c5 7. dxc5 Nc6 8. e3 Qa5 9. Nf3 Bf5 10. Bd3 $1 {[%cal Rd3f5]} Bxc3+ 11. bxc3 Bxd3 12. Qxd3 Qxc5 13. O-O O-O {[#]} 14. Rfc1 $146 ({Predecessor:} 14. Nd4 b6 15. Rfd1 Rfe8 16. Nb5 Red8 17. Bg5 Ne5 18. Qb1 Neg4 19. Qb4 a6 20. Nd4 {½-½ (40) Ponomarjov,R (2219)-Siigur,J (2439) ICCF email 2010}) 14... Rfc8 15. h3 Ne4 16. c4 Na5 {[%cal Ra5c4]} 17. Qxd5 Qxd5 18. cxd5 {[#] aiming for Bc7.} Nc3 {Strongly threatening ...Ne2+.} 19. Kf1 {And now d6 would win.} Nxd5 20. Be5 f6 21. Bd4 b6 22. Ke2 Kf7 23. Nd2 Ke6 24. g4 (24. Bb2 {seems wilder.} b5 25. Ne4 Nb7 26. g4 a5 27. f4) 24... Rc6 25. Rxc6+ Nxc6 26. Bb2 Rc8 27. Rc1 Nce7 28. Rxc8 Nxc8 $11 {[%mdl 4096] Endgame KBN-KNN} 29. Kd3 Nd6 30. a3 g6 31. Nf3 b5 32. Bc1 a6 33. Nd4+ Kd7 34. Nb3 Kc6 35. e4 {[#] Hoping for Nd4+.} Ne7 (35... Nb6 {is more complex.} 36. f4 Ndc4 37. Kd4 Nd7 38. Nd2 Na5) 36. Bb2 f5 37. Nd4+ Kd7 38. exf5 gxf5 39. Bc1 fxg4 40. hxg4 Nd5 41. f4 b4 {The position is equal.} 42. f5 bxa3 43. Bxa3 Nb5 44. Bb2 (44. Bc5 {looks sharper.} h6 45. Ke4 Nf6+ 46. Kf3 Nd6 47. Ne2) 44... Nxd4 45. Kxd4 {KB-KN} Nb6 46. Bc3 Ke7 47. g5 Kf7 48. Bb4 Nc8 49. Bc5 Ne7 50. Bxe7 Kxe7 {KPP-KPP} 51. Kc5 a5 52. Kb5 Kd6 53. Kxa5 {KPP-KP} Ke5 54. f6 {White threatens f7 and mate.} Ke6 55. Kb5 h6 {( -> ...h5)} 56. gxh6 {h7 would kill now.} Kxf6 57. h7 Kg7 58. h8=Q+ Kxh8 {Not much happened in this game. Accuracy: White = 92%, Black = 98%.} 1/2-1/2